| 000 | 00463nam a22001937a 4500 | ||
|---|---|---|---|
| 003 | OSt | ||
| 005 | 20260519154619.0 | ||
| 008 | 260519b |||||||| |||| 00| 0 eng d | ||
| 020 | _a9789366606606 | ||
| 082 | _a006.3 RAD | ||
| 100 | _aRAMALAKSHMI,R | ||
| 245 | _aDeep Learning Algorithms and Applications | ||
| 250 | _a1st Ed Rep | ||
| 260 |
_aNew Delhi _bCengage |
||
| 300 | _aMISC | ||
| 700 | _aMARIMUTHU,T | ||
| 700 | _aGANDHI,Vaibhav | ||
| 942 |
_2ddc _cBK |
||
| 999 |
_c13975 _d13975 |
||